ज्वालामुखी : (Record no. 120777)
[ view plain ]
| 000 -LEADER | |
|---|---|
| fixed length control field | 01201nam a22002537a 4500 |
| 005 - DATE AND TIME OF LATEST TRANSACTION | |
| control field | 20170124103203.0 |
| 010 ## - LIBRARY OF CONGRESS CONTROL NUMBER | |
| LC control number | B-091603 |
| 020 ## - INTERNATIONAL STANDARD BOOK NUMBER | |
| Terms of availability | 150.00 |
| International Standard Book Number | 817721060 |
| 035 ## - SYSTEM CONTROL NUMBER | |
| System control number | B-091603 |
| 037 ## - SOURCE OF ACQUISITION | |
| Source of stock number/acquisition | Cen Lib/Ret |
| 040 ## - CATALOGING SOURCE | |
| Original cataloging agency | DPL |
| Language of cataloging | HN |
| 082 ## - DEWEY DECIMAL CLASSIFICATION NUMBER | |
| Classification number | 551.21 |
| Item number | शर्माश्या |
| 100 ## - MAIN ENTRY--PERSONAL NAME | |
| Personal name | शर्मा, श्यामसुंदर |
| 9 (RLIN) | 9690 |
| 245 ## - TITLE STATEMENT | |
| Title | ज्वालामुखी : |
| Statement of responsibility, etc | श्यामसुंदर शर्मा |
| Remainder of title | भयंकरतम प्राकृतिक आपदा / |
| 246 ## - VARYING FORM OF TITLE | |
| Title proper/short title | Jwalamukhi : bhayanaktam prakritik aapda / |
| Remainder of title | by Shyam Sunder Sharma |
| 260 ## - PUBLICATION, DISTRIBUTION, ETC. (IMPRINT) | |
| Place of publication, distribution, etc | दिल्ली |
| Name of publisher, distributor, etc | सत्साहित्य प्रकाशन |
| Date of publication, distribution, etc | 2004 |
| 270 ## - ADDRESS | |
| City | दिल्ली |
| Address | 205-बी, चावडी बाज़ार |
| Postal code | 110006 |
| 300 ## - PHYSICAL DESCRIPTION | |
| Extent | 142पृ. : |
| Dimensions | 21सेमी (सजिल्द) |
| Other physical details | सचित्र |
| 650 ## - SUBJECT ADDED ENTRY--TOPICAL TERM | |
| Topical term or geographic name as entry element | प्राकृतिक आपदा -- ज्वालामुखी |
| 9 (RLIN) | 92583 |
| 650 ## - SUBJECT ADDED ENTRY--TOPICAL TERM | |
| Topical term or geographic name as entry element | भयंकरतम आपदा |
| 9 (RLIN) | 147 |
| 650 ## - SUBJECT ADDED ENTRY--TOPICAL TERM | |
| Topical term or geographic name as entry element | Natural disasters -- Volcanic |
| 9 (RLIN) | 92584 |
| 650 ## - SUBJECT ADDED ENTRY--TOPICAL TERM | |
| Topical term or geographic name as entry element | Frightful disaster |
| 9 (RLIN) | 92585 |
| 942 ## - ADDED ENTRY ELEMENTS (KOHA) | |
| Source of classification or shelving scheme | Dewey Decimal Classification |
| Koha item type | Hindi Books |
| Classification part | 551.21 |
| Call number suffix | शर्माश्या |
| Withdrawn status | Lost status | Damaged status | Not for loan | Home library | Current library | Date acquired | Source of acquisition | Cost, normal purchase price | Total Checkouts | Full call number | Barcode | Date last seen | Copy number | Cost, replacement price | Price effective from | Koha item type |
|---|---|---|---|---|---|---|---|---|---|---|---|---|---|---|---|---|
| Central Library | Central Library | 28/09/2015 | Cen Lib/Ret | 150.00 | 551.21 शर्माश्या | B-091603 | 28/09/2015 | 1 | 150.00 | 28/09/2015 | Hindi Books |
